Library of the University of Algiers 3
Ibrahim Sultan Cheibout
شعار جامعة الجزائر 3
مكتبة جامعة الجزائر 3
إبراهيم سلطان شيبوط

السكان والتنمية البشرية / (رقم التسجيلة. 45677)

تفاصيل مارك
000 -LEADER
fixed length control field 02246nam a2200229Ia 4500
003 - CONTROL NUMBER IDENTIFIER
control field Ost
005 - DATE AND TIME OF LATEST TRANSACTION
control field 20260507075655.0
008 - FIXED-LENGTH DATA ELEMENTS--GENERAL INFORMATION
fixed length control field 260507s9999||||xx |||||||||||||| ||und||
040 ## - CATALOGING SOURCE
Transcribing agency fsecg
041 ## - LANGUAGE CODE
Language code of text/sound track or separate title ara
082 ## - DEWEY DECIMAL CLASSIFICATION NUMBER
Classification number 304.6
100 ## - MAIN ENTRY--PERSONAL NAME
Personal name عطوي، عبد الله
Relator term مؤلف
245 #0 - TITLE STATEMENT
Title السكان والتنمية البشرية /
Statement of responsibility, etc. عبد الله عطوي
260 ## - PUBLICATION, DISTRIBUTION, ETC.
Place of publication, distribution, etc. بيروت:
Name of publisher, distributor, etc. دار النهضة العربية,
Date of publication, distribution, etc. 2004
300 ## - PHYSICAL DESCRIPTION
Extent 1094 صفحة؛
Other physical details إيضاحات ؛
Dimensions 24 سم
504 ## - BIBLIOGRAPHY, ETC. NOTE
Bibliography, etc. note المراجع ص.1079
520 ## - SUMMARY, ETC.
Summary, etc. التنمية البشرية المستدامة والأمن البشري، العولمة والتنمية البشرية، الفقر والتنمية البشرية، مصطلحات الفقر والتقدم والتحكمات، الاقتصاد الكلي والفقر، الفقر والتنمية البشرية، القضاء على الفقر، الاستهلاك والتمية البشرية، منظور الاستهلاك واتجاهاته وعلاقاته بالأمن الغذائي والمياه ونغير المناخ والتنوع الايديولوجي، الاستهلاك والتنمية البشرية، الآثار البشرية المترتبة على استهلاك الموارد الطبيعية والعمل على مواجهتها، المأة والتنمية البشرية، تمكين المرأة ذ، المرأة والتنمية والتنمية البشرية، عدم المساواة بين الجنسين في الحقوق والحماية، حقوق الانسان والتنمية البشرية، النضالات في سبل حريات الانسان، حقوق الانسان والتنمية البشرية الديمقراطية تكفل الحقوق التي تمكن الناس في الكفاح ضد الفقر، الديمقراطية والتنمية البشرية، اضفاء الطابع الديمقراطي على الأمن من أجل منع الصراعات وبناء السلام ، سياسات عامة لتحقيق أهداف التنمية البشرية.
653 ## - INDEX TERM--UNCONTROLLED
Uncontrolled term التنمية البشرية
653 ## - INDEX TERM--UNCONTROLLED
Uncontrolled term الجغرافية البشرية
653 ## - INDEX TERM--UNCONTROLLED
Uncontrolled term جغرافية السكان
942 ## - ADDED ENTRY ELEMENTS (KOHA)
Koha item type كتب
المقتنيات
Withdrawn status Lost status Source of classification or shelving scheme Damaged status Not for loan Home library Current library Date acquired Serial enumeration / chronology Inventory number Total checkouts Full call number Barcode Date last seen Price effective from Koha item type
    Library of Congress Classification   NOT LOAN / إعارة داخلية مكتبة كلية العلوم الإقتصادية والعلوم التجارية وعلوم التسيير مكتبة كلية العلوم الإقتصادية والعلوم التجارية وعلوم التسيير 07/05/2026 الطابق الأرضي 1817/1   أ/1817ن1 1817/1 07/05/2026 07/05/2026 كتب
    Dewey Decimal Classification   Available مكتبة كلية العلوم الإقتصادية والعلوم التجارية وعلوم التسيير مكتبة كلية العلوم الإقتصادية والعلوم التجارية وعلوم التسيير 07/05/2026 الطابق الأرضي 1817/2   أ/1817ن2 1817/2 07/05/2026 07/05/2026 كتب
    Dewey Decimal Classification   Available مكتبة كلية العلوم الإقتصادية والعلوم التجارية وعلوم التسيير مكتبة كلية العلوم الإقتصادية والعلوم التجارية وعلوم التسيير 07/05/2026 الطابق الأرضي 1817/3   أ/1817ن3 1817/3 07/05/2026 07/05/2026 كتب
    Dewey Decimal Classification   Available مكتبة كلية العلوم الإقتصادية والعلوم التجارية وعلوم التسيير مكتبة كلية العلوم الإقتصادية والعلوم التجارية وعلوم التسيير 07/05/2026 الطابق الثاني 1817/4   أ/1817ن4 1817/4 07/05/2026 07/05/2026 كتب
    Dewey Decimal Classification   Available مكتبة كلية العلوم الإقتصادية والعلوم التجارية وعلوم التسيير مكتبة كلية العلوم الإقتصادية والعلوم التجارية وعلوم التسيير 07/05/2026 الطابق الثاني 1817/5   أ/1817ن5 1817/5 07/05/2026 07/05/2026 كتب

موارد الويب المفتوحة


© University of Algiers 3 All Rights Reserved
|
Implemented by LECHELAH Riad